00515nam a2200193 a 4500001001300000003000900013005001700022008004100039020001000080082001500090100002500105245002100130260004100151300000900192500003500201505004100236650001900277700002500296nice12345678IN_TiNIC20260116011310.0050524s1916 teha grp 000 0 per  ac10000a956.1bBAI aBaig, Mohammad Farid aAhsanut Tawarikh aTehranbBrotheran-E-Baqir Zadac1916 a315p aincludes index and biblioraphy2 a12 Volumes in Bounded in Six Volumes aTurkey-History1 aBaig, Mohammad Farid